Statistics for 2022 World Cup possible squads: WALES

Click here to take the quiz!

General Stats

  • This quiz has been taken 21 times
  • The average score is 18 of 27

Answer Stats

RoleClubPlayer Name% Correct
MidfielderJuventusAaron Ramsey
100%
DefenderSpursBen Davies
100%
ForwardReal Madrid > Los Angeles FCGareth Bale
100%
GoalkeeperSheffield UtdAdam Davies
94%
DefenderChelseaEthan Ampadu
94%
DefenderSheffield UtdRhys Norrington-Davies
94%
DefenderBurnleyConnor Roberts
83%
GoalkeeperLeicester CityDanny Ward
83%
MidfielderFulhamHarry Wilson
78%
DefenderSpursJoe Rodon
78%
MidfielderSwindon TownJonny Williams
78%
ForwardBournemouthKieffer Moore
78%
DefenderLiverpoolNeco Williams
78%
GoalkeeperBurnleyWayne Hennessey
78%
ForwardNottm ForestBrennan Johnson
72%
DefenderBournemouthChris Mepham
67%
ForwardLeedsDaniel James
67%
Coach-Rob Page
56%
MidfielderWithout ClubJoe Allen
50%
DefenderSwansea CityBen Cabango
39%
MidfielderPortsmouthJoe Morrell
39%
ForwardHuddersfield TownSorba Thomas
39%
ForwardWycombeSam Vokes
33%
MidfielderCardiff > Sheffield WedWill Vaulks
33%
ForwardMillwallTom Bradshaw
28%
MidfielderIpswich TownLee Evans
17%
ForwardWithout ClubTom Lawrence
17%

Score Distribution

Percentile by Number Answered

Percent of People with Each Score

Your Score History

You have not taken this quiz